000 01092nac a22003137a 4500
001 BR8300806
003 BR-BrBNA
005 20240105115623.0
008 230509b bl.|||m| |||| 00| 0 por d
040 _aBR-BrBNA
_bpor
_cBiblioteca Nacional de Agricultura
072 _aH60
090 _a0940 BR8300806
100 1 _aAlbuquerque, J.A.S. de
100 1 _aAlbuquerque, T.C.S. de
110 1 _aCentro de Pesquisa Agropecuaria do Tropico Semi-Arido, Petrolina, PE (Brasil)
245 1 _aO uso de herbicidas no controle de invasoras em vinhedos no Vale do Sub-Medio Sao Francisco [Vitis vinifera, Brasil]
260 3 _aPetrolina, PE (Brasil):
_c1983.
300 _a20 p.
490 _aBoletim de Pesquisa - Centro de Pesquisa Agropecuaria do Tropico Semi-Arido (Brazil)
_vno. 19
_xISSN 0100-8951
500 _a16 ref.; Summaries (En, Pt)
650 _aERVA DANINHA
650 _aUVA
650 _aHERBICIDA
650 _aCAPINA
650 _aCONTROLE QUIMICO
650 _aVALE DO SAO FRANCISCO
909 _a202312
_bLúcia Elande
_c55
_dLúcia Elande
942 _2AGRIS
_n0
_cMS
999 _c275599
_d275599